000 00312nam a22001457a 4500
003 SGT
020 _a818579007-8
082 _a615.19
_bP18K
100 _aKASTURE, A.V.
245 _aPHARMACEUTICAL ANALYSIS
260 _aDELHI
_bNIRALI PUB
_c2017
300 _a21.6
650 _aPHARMACY
942 _2ddc
_cBK
_043
999 _c15526
_d15526